00506nam a2200157 a 450000100100000000500170001000800410002704000250006804100130009308200170010624500620012324600310018526000620021630000360027854600340031400002247020200930021629.0101011s1920 xxuac 000 0 spa d aDO-SdBNPbspacBNPHU17aspabeng axxxxxbxxxxx00aLibro azul de Santo Domingo = Blue book of Santo Domingo.12aBlue book of Santo Domingo aNew York :bCompañia biografíca,c1920fKlebold press a176 p. :bil., retrs. ;c30 cm. aTexto en inglés y español